|
|
|
|
| LEADER |
02028nam a2200445 i 4500 |
| 001 |
EBC3379332 |
| 003 |
MiAaPQ |
| 005 |
20200520144314.0 |
| 006 |
m o d | |
| 007 |
cr cnu|||||||| |
| 008 |
140719t20142014dcua ob 000 0 eng d |
| 020 |
|
|
|z 9780309302586
|
| 020 |
|
|
|a 9780309302593
|q (electronic bk.)
|
| 035 |
|
|
|a (MiAaPQ)EBC3379332
|
| 035 |
|
|
|a (Au-PeEL)EBL3379332
|
| 035 |
|
|
|a (CaPaEBR)ebr10889068
|
| 035 |
|
|
|a (OCoLC)883575936
|
| 040 |
|
|
|a MiAaPQ
|b eng
|e rda
|e pn
|c MiAaPQ
|d MiAaPQ
|
| 043 |
|
|
|a n-us---
|
| 050 |
|
4 |
|a HG4515
|b .E935 2014
|
| 082 |
0 |
|
|a 332.6
|2 23
|
| 245 |
0 |
0 |
|a Evaluation design for complex global initiative :
|b workshop summary /
|c Steve Olson, rapporteur ; Board on Global Health, Institute of Medicine of the National Academies.
|
| 264 |
|
1 |
|a Washington, District of Columbia :
|b The National Academies Press,
|c 2014.
|
| 264 |
|
4 |
|c 2014
|
| 300 |
|
|
|a 1 online resource (183 pages) :
|b illustrations
|
| 336 |
|
|
|a text
|2 rdacontent
|
| 337 |
|
|
|a computer
|2 rdamedia
|
| 338 |
|
|
|a online resource
|2 rdacarrier
|
| 504 |
|
|
|a Includes bibliographical references.
|
| 588 |
|
|
|a Description based on online resource; title from PDF title page (ebrary, viewed July 17, 2014).
|
| 590 |
|
|
|a Electronic reproduction. Ann Arbor, MI : ProQuest, 2015. Available via World Wide Web. Access may be limited to ProQuest affiliated libraries.
|
| 650 |
|
0 |
|a Investments
|x Evaluation
|z United States.
|
| 650 |
|
0 |
|a Industrial management
|z United States.
|
| 650 |
|
0 |
|a Industrial promotion
|z United States.
|
| 655 |
|
4 |
|a Electronic books.
|
| 700 |
1 |
|
|a Olsen, Steven,
|e reporter.
|
| 710 |
2 |
|
|a Institute of Medicine (U.S.).
|b Board on Global Health,
|e originator.
|
| 776 |
0 |
8 |
|i Print version:
|t Evaluation design for complex global initiative : workshop summary.
|d Washington, District of Columbia : The National Academies Press, c2014
|h xiii, 169 pages
|z 9780309302586
|
| 797 |
2 |
|
|a ProQuest (Firm)
|
| 856 |
4 |
0 |
|u https://ebookcentral.proquest.com/lib/matrademy/detail.action?docID=3379332
|z Click to View
|